L'uovo fuori dal cesto (Record n. 212342)

Dettagli MARC
000 -LEADER
fixed length control field 01522nam a2200205Ia 4500
001 - CONTROL NUMBER
control field b4872-31866
003 - CONTROL NUMBER IDENTIFIER
control field IT-MiCISF
008 - FIXED-LENGTH DATA ELEMENTS--GENERAL INFORMATION
fixed length control field 161014s9999||||xx |||||||||||||| ||und||
040 ## - CATALOGING SOURCE
Original cataloging agency IT-MiCISF
Transcribing agency IT-MiCISF
041 ## - LANGUAGE CODE
Language code of text/sound track or separate title it
999 ## - SYSTEM CONTROL NUMBERS (KOHA)
Koha Dewey Subclass [OBSOLETE] si
100 ## - MAIN ENTRY--PERSONAL NAME
Personal name Tesio Elio (a cura di)
245 #0 - TITLE STATEMENT
Title L'uovo fuori dal cesto
Remainder of title Dinamiche affettive con i disabili e le loro famiglie
250 ## - EDITION STATEMENT
Edition statement 1a ed.
260 ## - PUBLICATION, DISTRIBUTION, ETC. (IMPRINT)
Place of publication, distribution, etc. Torino
Name of publisher, distributor, etc. Utet Libreria
Date of publication, distribution, etc. 2000
300 ## - PHYSICAL DESCRIPTION
Extent pp. XI, 351
500 ## - GENERAL NOTE
General note Tesio E., Meo A., Rosso L., Bellan C., Vasino C., Lavacchielli G., Veneziani O., Vinciguerra C., Medicina S., Scarponi S., Diegoli B., Marabese N., Serniotti G., Messa L., Pagani S. / handicap, famiglia-con-handicap, psicologia, genitorialità, esperienze, madre, funzionamento-familiare, ruoli-familiari, cultura, adolescenza, comunicazione, servizi-handicap, operatori, formazione, volontariato, riabilitazione / Questo testo affronta il delicato tema della costruzione dell'identità di un soggetto disabile all'interno della famiglia e delle dinamiche affettive e psicologiche che si creano nel nucleo familiare quando è presente un disabile. L'A. si propone di presentare un percorso completo, che si snoda attraverso la metodologia di intervento e la prevenzione dell'insorgere di disturbi mentali nei familiari, la questione della comunicazione, l'integrazione scolastica, la descrizione di esperienze di lavoro fino alle problematiche dei genitori.
650 ## - SUBJECT ADDED ENTRY--TOPICAL TERM
Topical term or geographic name as entry element Dinamiche familiari / handicap
Relator term 001
942 ## - ADDED ENTRY ELEMENTS (KOHA)
Koha item type LIBRO
957 ## -
-- 1
999 ## - SYSTEM CONTROL NUMBERS (KOHA)
-- 1
Dati di copia
Withdrawn status Lost status Damaged status Not for loan Home library Current library Date acquired Total Checkouts Full call number Date last seen Price effective from Koha item type Public note
    Buone Condizioni Not For Loan CISF - Milano CISF - Milano 14/10/2016   b4872-31866 14/10/2016 14/10/2016 LIBRO Data import 15.10.2016 / by Epidotti, Vaglietti
CREDITS: SOCIETA' SAN PAOLO Via A.Severo, 58 - ROMA (RM) & PERIODICI SAN PAOLO SRL Via Giotto, 36 MILANO & CISF Via Giotto, 36 MILANO & EDIZIONI SAN PAOLO SRL,  Piazza Soncino, 5 CINISELLO BALSAMO (MI) -- ITALY